[Event "Moscow Open A 2016"]
[Site "Moscow RUS"]
[Date "2016.01.30"]
[Round "1.108"]
[White "Sorokin, Aleksey"]
[Black "Pogosyan, Stefan"]
[Result "1-0"]
[WhiteTitle "FM"]
[WhiteElo "2344"]
[BlackElo "1974"]
[WhiteFideId "24176460"]
[BlackFideId "34159867"]
[EventDate "2016.01.30"]

1. d4 Nf6 2. c4 c5 3. d5 b5 4. cxb5 a6 5. bxa6 g6 6. Nc3 Bg7 7. Nf3 O-O 8. e4
Qa5 9. Bd2 Bxa6 10. Be2 d6 11. Rb1 Bxe2 12. Qxe2 Qa6 13. h3 Qxe2+ 14. Kxe2 Na6
15. a3 Rfb8 16. Bg5 h6 17. Be3 Nc7 18. Nd2 Nb5 19. Nxb5 Rxb5 20. b4 c4 21. f3 c3
22. Nc4 Nd7 23. Rhc1 Ra6 24. Bf2 Ne5 25. Nxe5 Bxe5 26. Rb3 Rb7 27. Be1 Rba7 28.
Bxc3 Rxa3 29. Rxa3 Rxa3 30. Bxe5 dxe5 31. Rb1 Ra2+ 32. Kd3 Kf8 33. b5 Ke8 34. b6
Ra8 35. Kc4 Kd7 36. b7 Rb8 37. Kc5 Kc7 38. h4 f5 39. Rb2 f4 40. Rb1 1-0

[Event "Moscow Open A 2016"]
[Site "Moscow RUS"]
[Date "2016.01.30"]
[Round "1.109"]
[White "Mischeryakov, Alexey"]
[Black "Belenkaya, Dina"]
[Result "0-1"]
[BlackTitle "WFM"]
[WhiteElo "1967"]
[BlackElo "2343"]
[WhiteFideId "34156434"]
[BlackFideId "24142654"]
[EventDate "2016.01.30"]

1. e4 c6 2. Nc3 d5 3. Qf3 dxe4 4. Nxe4 Nf6 5. c3 Nxe4 6. Qxe4 Qd5 7. Qxd5 cxd5
8. d4 Bf5 9. Bf4 Nc6 10. Nf3 a6 11. a4 f6 12. b4 Kf7 13. Kd2 g5 14. Bc7 Rc8 15.
Bb6 Bh6 16. Ne1 g4+ 17. Kd1 Nb8 18. Ra3 Nd7 19. a5 Nxb6 20. axb6 Rc6 21. Bd3 Be6
22. g3 Rhc8 23. Kc2 Rxb6 24. Kb2 Bd2 0-1

[Event "Moscow Open A 2016"]
[Site "Moscow RUS"]
[Date "2016.01.30"]
[Round "1.110"]
[White "Natacheev, Peter"]
[Black "Grishaev, Igor"]
[Result "1-0"]
[WhiteTitle "FM"]
[WhiteElo "2341"]
[BlackElo "1933"]
[WhiteFideId "4191854"]
[BlackFideId "4197925"]
[EventDate "2016.01.30"]

1. e4 c5 2. Nf3 Nc6 3. d3 d5 4. exd5 Nf6 5. dxc6 bxc6 6. Nc3 e6 7. Be2 Bd6 8.
Ne4 O-O 9. O-O Rb8 10. b3 Nd5 11. c4 Ne7 12. Bb2 Bc7 13. Nxc5 f6 14. d4 Qd6 15.
Qd2 g5 16. Ne4 Qd8 17. h3 Rf7 18. d5 Bf4 19. Qc3 e5 20. d6 Ng6 21. c5 g4 22.
hxg4 Rg7 23. g3 Bxg4 24. Bc1 Bf5 25. Bc4+ Kh8 26. Re1 Bxe4 27. Rxe4 Qd7 28. Bxf4
Nxf4 29. Rxf4 exf4 30. Qxf6 fxg3 31. Ng5 Rb7 32. Qf8+ 1-0

[Event "Moscow Open A 2016"]
[Site "Moscow RUS"]
[Date "2016.01.30"]
[Round "1.111"]
[White "Suleymanli, Aydin"]
[Black "Rozhkov, Viacheslav"]
[Result "1-0"]
[WhiteTitle "CM"]
[BlackTitle "FM"]
[WhiteElo "1930"]
[BlackElo "2339"]
[WhiteFideId "13413937"]
[BlackFideId "4181484"]
[EventDate "2016.01.30"]

1. d4 c5 2. d5 e6 3. c4 exd5 4. cxd5 d6 5. Nc3 g6 6. e4 Bg7 7. f4 a6 8. a4 Nf6
9. Nf3 O-O 10. Be2 Re8 11. e5 dxe5 12. fxe5 Ng4 13. e6 fxe6 14. d6 Nc6 15. O-O
Nd4 16. Ne4 b6 17. Bg5 Qd7 18. Nxd4 Bxd4+ 19. Qxd4 cxd4 20. Bxg4 Kg7 21. Bf6+
Kh6 22. Rf3 g5 23. Rh3+ Kg6 24. Rf1 h6 25. Bh5+ Kh7 26. Nxg5+ Kg8 27. Bxe8 Qxe8
28. Rxh6 1-0

[Event "Moscow Open A 2016"]
[Site "Moscow RUS"]
[Date "2016.01.30"]
[Round "1.112"]
[White "Aslanov, Sergei"]
[Black "Abreu Sanchez, Leonel Jesus"]
[Result "1-0"]
[WhiteElo "2338"]
[BlackElo "1861"]
[WhiteFideId "4180828"]
[BlackFideId "3917487"]
[EventDate "2016.01.30"]

1. e4 e5 2. Nf3 Nf6 3. Nxe5 d6 4. Nf3 Nxe4 5. Nc3 Nxc3 6. dxc3 Be7 7. Be3 Nc6 8.
Qd2 Be6 9. O-O-O Qd7 10. h4 h6 11. Kb1 a6 12. h5 O-O-O 13. Nd4 Nxd4 14. Qxd4 Bf6
15. Qb4 Qc6 16. Rg1 Bf5 17. Bd3 Bxd3 18. cxd3 Rhe8 19. Qg4+ Kb8 20. Rge1 Qb5 21.
d4 d5 22. Qe2 Qxe2 23. Rxe2 Re4 24. f3 Re6 25. Kc2 Rde8 26. Kd3 Bg5 27. Rde1 Bh4
28. Rf1 f5 29. f4 Kc8 30. Rf3 Kd7 31. g3 Bf6 32. Rff2 Re4 33. Rg2 b6 34. b3 Kd6
35. Bc1 Rxe2 36. Rxe2 Rxe2 37. Kxe2 Ke6 38. Ba3 c6 39. Kf3 b5 40. Bf8 Kf7 41.
Bd6 Ke6 42. Be5 Ke7 43. g4 Ke6 44. Kg3 a5 45. a4 bxa4 46. bxa4 fxg4 47. Kxg4 Kf7
48. Bc7 Be7 49. Bxa5 c5 50. Kf5 cxd4 51. cxd4 Ba3 52. Bb6 Ke7 53. a5 Kd7 54. a6
Kc6 55. a7 Kb7 56. Kg6 Bd6 57. f5 Bf8 58. Kf7 1-0

[Event "Moscow Open A 2016"]
[Site "Moscow RUS"]
[Date "2016.01.30"]
[Round "1.113"]
[White "Sargsyan, Shant"]
[Black "Murtazin, Bulat"]
[Result "1-0"]
[WhiteTitle "CM"]
[BlackTitle "FM"]
[WhiteElo "2336"]
[BlackElo "2336"]
[WhiteFideId "13306766"]
[BlackFideId "24151351"]
[EventDate "2016.01.30"]

1. d4 d5 2. c4 e6 3. Nc3 Be7 4. Nf3 Nf6 5. Bf4 O-O 6. e3 Nbd7 7. c5 c6 8. Bd3 b6
9. b4 a5 10. a3 Ba6 11. Bxa6 Rxa6 12. b5 cxb5 13. c6 Qc8 14. c7 b4 15. Nb5 bxa3
16. O-O Nh5 17. Qc2 Nxf4 18. exf4 Ra8 19. Rfc1 Qa6 20. Qc6 Nf6 21. Ne5 Bb4 22.
Rc2 Rfc8 23. g4 g6 24. f5 Rf8 25. g5 Ne4 26. Nd7 exf5 27. Nxf8 Bxf8 28. Qxa8 1-0

[Event "Moscow Open A 2016"]
[Site "Moscow RUS"]
[Date "2016.01.30"]
[Round "1.114"]
[White "Mustafin, Andrey"]
[Black "Karpenko, Artem"]
[Result "0-1"]
[WhiteElo "2241"]
[BlackElo "2258"]
[WhiteFideId "13406744"]
[BlackFideId "24175595"]
[EventDate "2016.01.30"]

1. b3 d5 2. Bb2 Nf6 3. e3 Bf5 4. f4 e6 5. Nf3 h6 6. Be2 Bd6 7. O-O Nbd7 8. Ne5
O-O 9. d3 c6 10. Qe1 Ne8 11. Nxd7 Qxd7 12. Nd2 Bh7 13. Qg3 f6 14. Bh5 Bb4 15.
Nf3 Nd6 16. Nh4 Nf5 17. Nxf5 Bxf5 18. Rad1 Qe7 19. Kh1 a5 20. a4 b5 21. Ra1 Qc5
22. Qf2 Qb6 23. Bf3 Bc5 24. Rfe1 Bg6 25. g4 Bd6 26. Qg2 bxa4 27. Rxa4 Bb4 28.
Re2 Ra7 29. e4 d4 30. f5 Be8 31. fxe6 c5 32. Ra1 Qxe6 33. e5 Bf7 34. exf6 Qxf6
35. Rf1 Qd8 36. Ref2 Kh8 37. Be4 c4 38. Bg6 Bxg6 39. Rxf8+ Bxf8 0-1

[Event "Moscow Open A 2016"]
[Site "Moscow RUS"]
[Date "2016.01.31"]
[Round "2.26"]
[White "Iljiushenok, Ilia"]
[Black "Aslanov, Sergei"]
[Result "1/2-1/2"]
[WhiteTitle "IM"]
[WhiteElo "2470"]
[BlackElo "2338"]
[WhiteFideId "24105074"]
[BlackFideId "4180828"]
[EventDate "2016.01.30"]

1. d4 Nf6 2. c4 g6 3. f3 Bg7 4. e4 d6 5. Nc3 O-O 6. Be3 c5 7. Nge2 Nc6 8. d5 Ne5
9. Ng3 h5 10. Be2 h4 11. Nf1 e6 12. Nd2 exd5 13. cxd5 h3 14. g3 b5 15. Nxb5 Rb8
16. O-O a6 17. Na3 Rxb2 18. Nac4 Nxc4 19. Nxc4 Rb4 20. Bd2 Qe7 21. Bxb4 cxb4 22.
Rc1 Nd7 23. Na5 Bc3 24. Nc6 Qf6 25. f4 Re8 26. Bf3 Bb7 27. Kh1 Nc5 28. e5 dxe5
29. fxe5 Qg5 30. d6 Bxc6 31. Bxc6 Rxe5 32. Rc2 Ne6 33. d7 Nd8 34. Bf3 a5 35. Re2
Rc5 36. Re8+ Kh7 37. Be4 Bf6 38. Qf3 Rc1 39. Bd3 Kg7 40. Re4 Rxf1+ 41. Bxf1 Qd2
42. Bc4 Qxd7 43. Re1 Qd4 44. Bb3 Ne6 45. Bxe6 fxe6 46. Rd1 Qc4 47. g4 Qc3 48.
Qe4 a4 49. Rf1 Qe5 50. Qb7+ Kh6 51. Qf3 Kg5 52. Qxh3 Qe4+ 53. Rf3 Qe1+ 54. Rf1
Qe4+ 55. Rf3 b3 56. axb3 a3 57. Qg2 a2 58. Qd2+ Kh4 59. Qf2+ Kg5 60. Qd2+ 1/2-1/2

[Event "Moscow Open A 2016"]
[Site "Moscow RUS"]
[Date "2016.01.31"]
[Round "2.27"]
[White "Golubov, Saveliy"]
[Black "Sargsyan, Shant"]
[Result "1-0"]
[WhiteTitle "IM"]
[BlackTitle "CM"]
[WhiteElo "2469"]
[BlackElo "2336"]
[WhiteFideId "24176729"]
[BlackFideId "13306766"]
[EventDate "2016.01.30"]

1. e4 e5 2. Nf3 Nc6 3. Bc4 Bc5 4. O-O d6 5. c3 Nf6 6. d3 h6 7. Re1 O-O 8. h3 a6
9. Bb3 Re8 10. Nbd2 Ba7 11. Nf1 Be6 12. Bc2 d5 13. exd5 Bxd5 14. Ng3 Qd7 15. Nh4
Be6 16. Qf3 Qd5 17. Ne4 Nxe4 18. dxe4 Qd8 19. Nf5 Bxf5 20. exf5 Qf6 21. Be4 Rad8
22. Qh5 Bc5 23. b4 Be7 24. g3 Rd7 25. Be3 Red8 26. a4 b6 27. Qe2 Nb8 28. Reb1
Qd6 29. h4 Qf6 30. a5 b5 31. c4 c6 32. cxb5 cxb5 33. Qc2 Kh7 34. Ra3 Kg8 35. Rc3
Qd6 36. Bb6 Re8 37. Rd3 Qf6 38. Rxd7 Nxd7 39. Qc6 Qd6 40. Qxd6 Bxd6 41. Rd1 Nxb6
42. Rxd6 Nc4 43. Rxa6 Kf8 44. Rc6 Nd2 45. Bd5 Rd8 46. Rc5 e4 47. Kg2 1-0

[Event "Moscow Open A 2016"]
[Site "Moscow RUS"]
[Date "2016.01.31"]
[Round "2.28"]
[White "Andreev, Eduard UKR"]
[Black "Fakhrutdinov, Timur"]
[Result "1-0"]
[WhiteTitle "GM"]
[BlackTitle "FM"]
[WhiteElo "2458"]
[BlackElo "2320"]
[WhiteFideId "14103400"]
[BlackFideId "24176702"]
[EventDate "2016.01.30"]

1. e4 c5 2. Nf3 d6 3. d4 cxd4 4. Nxd4 Nf6 5. Nc3 a6 6. Be3 e5 7. Nb3 Be6 8. h3
Be7 9. f4 exf4 10. Bxf4 Nc6 11. Qe2 O-O 12. O-O-O Rc8 13. Kb1 Qc7 14. g4 Rfe8
15. g5 Nd7 16. Qg2 b5 17. Nd5 Bxd5 18. exd5 Nce5 19. h4 Nb6 20. h5 Na4 21. Rh3
Bf8 22. g6 fxg6 23. hxg6 Nxg6 24. Bd3 Qf7 25. Bc1 Be7 26. Rxh7 Kxh7 27. Bxg6+ 1-0

[Event "Moscow Open A 2016"]
[Site "Moscow RUS"]
[Date "2016.01.31"]
[Round "2.29"]
[White "Yogesh, Gautam"]
[Black "Ulko, Jaroslav"]
[Result "1/2-1/2"]
[BlackTitle "IM"]
[WhiteElo "2269"]
[BlackElo "2456"]
[WhiteFideId "5009324"]
[BlackFideId "4116658"]
[EventDate "2016.01.30"]

1. e4 c5 2. Nf3 e6 3. d4 cxd4 4. Nxd4 a6 5. Bd3 Nf6 6. O-O Qc7 7. Qe2 d6 8. c4
Nbd7 9. Nc3 Ne5 10. Kh1 b6 11. f4 Nxd3 12. Qxd3 Bb7 13. b3 Be7 14. Bb2 O-O 15.
Rae1 Rad8 16. Qg3 Nh5 17. Qg4 Nf6 18. Qg3 Nh5 19. Qg4 Nf6 20. Qg3 1/2-1/2

[Event "Moscow Open A 2016"]
[Site "Moscow RUS"]
[Date "2016.01.31"]
[Round "2.30"]
[White "Karpenko, Artem"]
[Black "Kostenko, Petr"]
[Result "1/2-1/2"]
[BlackTitle "GM"]
[WhiteElo "2258"]
[BlackElo "2449"]
[WhiteFideId "24175595"]
[BlackFideId "13700669"]
[EventDate "2016.01.30"]

1. e4 e6 2. d3 d5 3. Nd2 c5 4. Ngf3 Nc6 5. g3 Nf6 6. Bg2 g6 7. O-O Bg7 8. Re1
O-O 9. c3 a5 10. exd5 exd5 11. Nb3 b6 12. a4 Be6 13. d4 Ne4 14. Be3 c4 15. Nbd2
Nxd2 16. Qxd2 b5 17. axb5 Na7 18. Bh6 Nxb5 19. Bxg7 Kxg7 20. Ng5 Ra6 21. Re5 Nc7
22. Nxe6+ fxe6 23. Rae1 Rb6 24. f4 Qd7 25. R5e2 Rfb8 26. Qc1 Kg8 27. Bh3 a4 28.
Kh1 Qf7 29. g4 Qf6 30. f5 Qh4 31. Qf4 Qxh3 32. Re3 Qh4 33. Qxc7 Rxb2 34. fxg6
R8b7 35. gxh7+ Qxh7 36. Qd8+ Kg7 37. Qg5+ Qg6 38. Qe5+ Kg8 39. Rh3 Rg7 40. Qd6
Qf6 41. Rg1 Rf2 42. Qb8+ Qf8 43. Qe5 Qf6 44. Qb8+ Qf8 45. Qe5 Qf6 46. Qb8+ 1/2-1/2

[Event "Moscow Open A 2016"]
[Site "Moscow RUS"]
[Date "2016.01.31"]
[Round "2.31"]
[White "Samdanov, Samdan"]
[Black "Vavulin, Maksim"]
[Result "0-1"]
[WhiteTitle "FM"]
[BlackTitle "IM"]
[WhiteElo "2250"]
[BlackElo "2448"]
[WhiteFideId "4188101"]
[BlackFideId "4169530"]
[EventDate "2016.01.30"]

1. d4 g6 2. e4 Bg7 3. Nf3 d6 4. Bc4 e6 5. O-O Ne7 6. Bb3 O-O 7. c3 h6 8. Nbd2 c5
9. Re1 Nbc6 10. Nf1 b6 11. Ng3 Ba6 12. h4 e5 13. dxc5 dxc5 14. h5 Kh7 15. Nh2
Na5 16. Qf3 Nxb3 17. axb3 Bc8 18. Rd1 Qc7 19. Ng4 Be6 20. c4 Qc8 21. Nf6+ Kh8
22. Rd3 Nc6 23. Nd5 Bg4 24. Qe3 Nd4 25. Qd2 Qd8 26. f3 Be6 27. Qf2 a5 28. Be3
Rb8 29. Qd2 Kh7 30. Kf2 g5 31. Bxd4 exd4 32. Nf5 Be5 33. g4 Qd7 34. Qc2 Qd8 35.
Qd2 Rb7 36. Qe1 Qb8 37. Ke2 Re8 38. Kd1 b5 39. cxb5 Rxb5 40. Ra3 a4 0-1

[Event "Moscow Open A 2016"]
[Site "Moscow RUS"]
[Date "2016.01.31"]
[Round "2.32"]
[White "Tran, Tuan Minh"]
[Black "Bikuzhin, Maksim"]
[Result "1-0"]
[WhiteTitle "IM"]
[BlackTitle "FM"]
[WhiteElo "2447"]
[BlackElo "2301"]
[WhiteFideId "12401820"]
[BlackFideId "24128015"]
[EventDate "2016.01.30"]

1. d4 d5 2. c4 e6 3. Nc3 Nf6 4. cxd5 exd5 5. Bg5 c6 6. e3 Bf5 7. Qf3 Bg6 8. Bxf6
Qxf6 9. Qxf6 gxf6 10. Nf3 Nd7 11. O-O-O Bd6 12. Bd3 O-O-O 13. Nh4 Bxd3 14. Rxd3
Nf8 15. g3 Ng6 16. Nf3 f5 17. Kb1 Kd7 18. Rc1 f6 19. Rc2 Rhe8 20. Ne2 h5 21. h4
Nh8 22. Rb3 b6 23. Ne1 Nf7 24. Nd3 Rc8 25. Nef4 Rh8 26. a4 Bxf4 27. Nxf4 Nd6 28.
Kc1 Rh7 29. Kd1 Nc4 30. Ke2 Kd6 31. Rbc3 a6 32. b3 Na5 33. Kf3 Ra8 34. Nd3 Rc7
35. Kf4 Ke6 36. Nb4 Rac8 37. Nxa6 Rg7 38. Kf3 Kd6 39. Nb4 Rgc7 40. Nd3 Rh7 41.
Nb2 Rhc7 42. b4 Nb7 43. Nd3 Nd8 44. b5 Ra8 45. Nb4 Rxa4 46. Nxc6 Ne6 47. Nb8
Rcc4 48. Na6 f4 49. gxf4 Ng7 50. Rxc4 dxc4 51. Ke4 f5+ 52. Kf3 Ne6 53. Ke2 Ra5
54. Rxc4 Rxb5 55. Nb4 Nd8 56. f3 Ra5 57. Rc8 1-0

[Event "Moscow Open A 2016"]
[Site "Moscow RUS"]
[Date "2016.01.31"]
[Round "2.33"]
[White "Ajrapetian, Gevorg"]
[Black "Elistratov, Semen"]
[Result "0-1"]
[WhiteTitle "IM"]
[BlackTitle "FM"]
[WhiteElo "2442"]
[BlackElo "2277"]
[WhiteFideId "4174232"]
[BlackFideId "24134325"]
[EventDate "2016.01.30"]

1. e4 c5 2. Nf3 d6 3. c3 Nf6 4. Be2 g6 5. O-O Bg7 6. Re1 O-O 7. Bf1 Nc6 8. h3 e5
9. d3 d5 10. Nbd2 h6 11. exd5 Nxd5 12. Nc4 Qc7 13. a4 Bf5 14. Qb3 Rad8 15. g3 b6
16. Nfd2 Be6 17. a5 Rb8 18. Qa3 f5 19. Bg2 Bf7 20. axb6 axb6 21. Qa6 b5 22. Ne3
Nde7 23. g4 Rb7 24. Nc2 Rfb8 25. Qa3 b4 26. cxb4 cxb4 27. Nxb4 Nxb4 28. Bxb7 Nc2
29. Qc3 Qxc3 30. bxc3 Nxa1 31. Bg2 Nb3 32. gxf5 gxf5 33. Ba3 Nxd2 34. Bxe7 Rb1
35. Rxb1 Nxb1 36. c4 Nc3 37. c5 Ne2+ 38. Kh2 Nf4 39. Bf1 Bd5 40. Bd6 Ng6 41. Bb8
Kf7 42. Kg3 Ke6 43. Ba7 Bf6 44. Kh2 Nh4 45. Be2 Bc6 46. Kg1 Ng6 47. Kh2 Nf4 48.
Bf1 Kd5 49. Kg3 Be7 50. Kf3 Kd4+ 51. Kg3 Bxc5 52. Bb8 Be7 53. Ba7+ Kc3 54. Bb8
Bf6 55. h4 Nxd3 56. Bh3 f4+ 57. Kh2 Nxf2 0-1

[Event "Moscow Open A 2016"]
[Site "Moscow RUS"]
[Date "2016.01.31"]
[Round "2.34"]
[White "Salemgareev, Tagir"]
[Black "Moskalenko, Alexander"]
[Result "0-1"]
[BlackTitle "IM"]
[WhiteElo "2223"]
[BlackElo "2442"]
[WhiteFideId "24199052"]
[BlackFideId "4155351"]
[EventDate "2016.01.30"]

1. d4 Nf6 2. c4 c5 3. d5 b5 4. Qc2 bxc4 5. e4 d6 6. Nf3 g6 7. Bxc4 Bg7 8. O-O
O-O 9. Bf4 Nfd7 10. Nbd2 Nb6 11. Rad1 Na6 12. a3 Nc7 13. Rfe1 Bg4 14. Be2 Qb8
15. h3 Bxf3 16. Nxf3 Nd7 17. b3 Qb7 18. Bc4 f6 19. h4 Nb5 20. Bc1 Ne5 21. Nxe5
fxe5 22. h5 gxh5 23. Qd3 Nd4 24. Qh3 Rf6 25. Rd3 Bh6 26. Rg3+ Kh8 27. Qxh5 Bxc1
28. Rxc1 Raf8 29. Rcc3 Qb8 30. Rg4 Qe8 31. Qh4 Qf7 32. Rcg3 Rf4 33. Rxf4 Qxf4
34. Qxe7 Qxf2+ 35. Kh1 Qf6 36. Qd7 a5 37. Rh3 Qg6 38. Qe7 Rg8 39. Bf1 Ne2 40.
Qe6 Qxe6 41. dxe6 Nf4 42. Rf3 Nxe6 43. Bc4 Ng5 44. Rg3 Rg6 45. Bd5 Kg7 46. Rc3
Ne6 47. Rc4 Nf4 48. Ra4 Nxd5 49. exd5 Kf6 50. g4 Rg7 51. Kh2 Rb7 52. Rxa5 e4 53.
b4 cxb4 54. axb4 Ke5 55. Kg3 Rxb4 56. Ra7 Rb3+ 57. Kh4 Rb1 58. Kg3 Rg1+ 0-1

[Event "Moscow Open A 2016"]
[Site "Moscow RUS"]
[Date "2016.01.31"]
[Round "2.35"]
[White "Selivanov, Ivan"]
[Black "Harutjunyan, Gevorg"]
[Result "0-1"]
[BlackTitle "GM"]
[WhiteElo "2210"]
[BlackElo "2436"]
[WhiteFideId "24199060"]
[BlackFideId "13300873"]
[EventDate "2016.01.30"]

1. e4 c5 2. Nf3 e6 3. d4 cxd4 4. Nxd4 a6 5. Bd3 Bc5 6. c3 d6 7. O-O Nf6 8. Bg5
Nbd7 9. Nd2 Ne5 10. Bc2 Bd7 11. Kh1 h6 12. Bh4 g5 13. Bg3 h5 14. b4 Ba7 15. f4
h4 16. Be1 gxf4 17. Rxf4 h3 18. Bh4 hxg2+ 19. Kg1 Rxh4 20. Rxh4 Ng6 21. Rh6 e5
22. Kxg2 Ng4 23. Rxg6 fxg6 24. Qf3 exd4 25. e5 Ne3+ 26. Kf2 Qh4+ 0-1

[Event "Moscow Open A 2016"]
[Site "Moscow RUS"]
[Date "2016.01.31"]
[Round "2.36"]
[White "Sarana, Alexey"]
[Black "Shandrygin, Nikita"]
[Result "1-0"]
[WhiteElo "2435"]
[BlackElo "2236"]
[WhiteFideId "24133795"]
[BlackFideId "24198668"]
[EventDate "2016.01.30"]

1. d4 Nf6 2. Nf3 g6 3. c4 Bg7 4. g3 O-O 5. Bg2 d5 6. cxd5 Nxd5 7. O-O Nc6 8. Nc3
Nb6 9. e3 e5 10. d5 Na5 11. e4 c6 12. d6 Nd7 13. b3 b6 14. Bg5 f6 15. Be3 Nb7
16. b4 Rf7 17. a4 Nf8 18. a5 b5 19. a6 Nxd6 20. Bc5 Rd7 21. Bh3 Nc4 22. Bxd7
Bxd7 23. Nd2 Nb6 24. Nb3 Nc4 25. Qd3 Qc8 26. Nd1 Be6 27. Ne3 Nd7 28. Qc3 Ndb6
29. Rfd1 Qe8 30. Nxc4 Nxc4 31. Na5 Nxa5 32. Rxa5 f5 33. f3 Bc4 34. Raa1 Qf7 35.
Rd6 fxe4 36. fxe4 Rc8 37. Rad1 Bf8 38. Rd7 Bxc5+ 39. bxc5 Qf6 40. Qe3 Rf8 41.
R7d6 Qf7 42. Rxc6 b4 43. Rcd6 b3 44. Rd7 Qf6 45. Rxa7 Qc6 46. Rdd7 Rf7 47. Rxf7
Bxf7 48. Rxf7 1-0

[Event "Moscow Open A 2016"]
[Site "Moscow RUS"]
[Date "2016.01.31"]
[Round "2.37"]
[White "Kalinin, Nikita"]
[Black "Abdusattorov, Nodirbek"]
[Result "0-1"]
[BlackTitle "FM"]
[WhiteElo "2200"]
[BlackElo "2430"]
[WhiteFideId "24155390"]
[BlackFideId "14204118"]
[EventDate "2016.01.30"]

1. b3 Nf6 2. Bb2 g6 3. Bxf6 exf6 4. c4 Bg7 5. Nc3 d6 6. g3 O-O 7. Bg2 f5 8. Nh3
Nd7 9. Rc1 c6 10. Nf4 Nf6 11. e3 Re8 12. O-O Bd7 13. d4 g5 14. Nd3 h5 15. c5 d5
16. Nb1 Bh6 17. Nd2 Be6 18. Nf3 g4 19. Nfe5 h4 20. Re1 Kg7 21. Rb1 Ne4 22. Nf4
Bxf4 23. exf4 Nc3 24. Qc2 Nxb1 25. Rxb1 f6 26. Nd3 Bd7 27. Qd2 Qc7 28. Ne1 b6
29. Rc1 Qb7 30. Nc2 bxc5 31. dxc5 a5 32. Ne3 Kg6 33. Qc2 Qb4 34. gxh4 Qxf4 35.
Rd1 Kg7 36. Nc4 Re7 37. Nd6 Rh8 38. Qc3 Rxh4 0-1

[Event "Moscow Open A 2016"]
[Site "Moscow RUS"]
[Date "2016.01.31"]
[Round "2.38"]
[White "Shtembuliak, Evgeny"]
[Black "Tran, Minh Thang"]
[Result "1-0"]
[WhiteTitle "FM"]
[BlackTitle "FM"]
[WhiteElo "2420"]
[BlackElo "2156"]
[WhiteFideId "14113325"]
[BlackFideId "12401080"]
[EventDate "2016.01.30"]

1. Nf3 Nf6 2. c4 g6 3. Nc3 c5 4. e4 d6 5. d4 cxd4 6. Nxd4 Bg7 7. Be2 Nc6 8. Be3
Ng4 9. Bxg4 Bxg4 10. Nxc6 Bxd1 11. Nxd8 Bc2 12. Kd2 Bxc3+ 13. Kxc2 1-0

[Event "Moscow Open A 2016"]
[Site "Moscow RUS"]
[Date "2016.01.31"]
[Round "2.39"]
[White "Kukhmazov, Arsen"]
[Black "Kharchenko, Alexey"]
[Result "1/2-1/2"]
[WhiteTitle "IM"]
[WhiteElo "2414"]
[BlackElo "2136"]
[WhiteFideId "24108260"]
[BlackFideId "24183296"]
[EventDate "2016.01.30"]

1. d4 d5 2. c4 c6 3. Nf3 Nf6 4. Nc3 dxc4 5. a4 Bf5 6. Nh4 e6 7. Nxf5 exf5 8. Bg5
Nbd7 9. e3 Be7 10. Bxc4 O-O 11. O-O Ne4 12. Bf4 Ndf6 13. Qc2 Bd6 14. Bxd6 Nxd6
15. Bd3 g6 16. a5 Rc8 17. b4 Nd5 18. Nxd5 cxd5 19. Qb3 Ne4 20. Rfc1 Qd7 21. b5
b6 22. axb6 axb6 23. f3 Nf6 24. Rxc8 Rxc8 25. Ra6 Rc1+ 26. Kf2 Qe7 27. Qa3 Ng4+
28. Kg3 Qxa3 29. Rxa3 Nxe3 30. Kf4 Re1 31. Ra6 Nxg2+ 32. Kg3 Re3 33. Bf1 Ne1 34.
Kf2 f4 35. Rxb6 Nxf3 36. Rb8+ Kg7 37. b6 Nd2 38. Rb7 Ne4+ 39. Kg1 Rb3 40. Ba6 f3
41. h4 Rb1+ 42. Kh2 f2 43. Kg2 Rg1+ 44. Kh2 Rb1 45. Kg2 Rg1+ 46. Kh2 Rb1 1/2-1/2

[Event "Moscow Open A 2016"]
[Site "Moscow RUS"]
[Date "2016.01.31"]
[Round "2.40"]
[White "Skatchkov, Valery"]
[Black "Martinez Ramirez, Lennis"]
[Result "0-1"]
[BlackTitle "FM"]
[WhiteElo "2068"]
[BlackElo "2410"]
[WhiteFideId "24195812"]
[BlackFideId "3509079"]
[EventDate "2016.01.30"]

1. c4 e5 2. Nc3 Nf6 3. g3 Bc5 4. Bg2 O-O 5. d3 Re8 6. Nf3 Nc6 7. O-O h6 8. a3 a5
9. b3 d5 10. cxd5 Nxd5 11. Nxd5 Qxd5 12. Bb2 Qd8 13. Qc2 Bb6 14. e3 Bf5 15. Rad1
Qd7 16. Rfe1 Rad8 17. Qc3 Bg4 18. Rd2 Qf5 19. Nh4 Qf6 20. h3 Bc8 21. Kh2 Rd6 22.
Red1 Qg5 23. Re1 Rf6 24. Ree2 Qh5 25. Be4 g5 26. Nf5 Rxf5 27. g4 Rxf2+ 28. Rxf2
Bxg4 29. Bxc6 Qxh3+ 30. Kg1 bxc6 31. Qxc6 Qg3+ 32. Rg2 Bxe3+ 33. Kf1 Qf3+ 34.
Qxf3 Bxf3 35. Rg3 Bxd2 36. Rxf3 Bf4 37. Rf2 g4 38. Rc2 Rd8 39. Ke2 h5 0-1

[Event "Moscow Open A 2016"]
[Site "Moscow RUS"]
[Date "2016.01.31"]
[Round "2.41"]
[White "Litvinov, Maxim"]
[Black "Romanov, Stanislav"]
[Result "1-0"]
[WhiteElo "2408"]
[BlackElo "2121"]
[WhiteFideId "24157449"]
[BlackFideId "4116895"]
[EventDate "2016.01.30"]

1. e4 g6 2. d4 Bg7 3. Nf3 d6 4. c3 Nf6 5. Bd3 O-O 6. O-O Nbd7 7. Bg5 h6 8. Bh4
e5 9. Nbd2 g5 10. Bg3 Nh5 11. dxe5 dxe5 12. Qc2 Nf4 13. Bc4 Qe7 14. Rfe1 Nb6 15.
Bb3 Be6 16. Nf1 Qf6 17. Ne3 h5 18. Nf5 Bxf5 19. exf5 Rae8 20. h4 g4 21. Ng5 Nbd5
22. Qe4 c6 23. c4 Ne7 24. Bc2 Bh6 25. Qxe5 Qxe5 26. Rxe5 f6 27. Rxe7 Ne2+ 28.
Rxe2 Rxe2 29. Bd3 Rd2 30. Ne6 Rxd3 31. Nxf8 Kxf8 32. b3 Kf7 33. Kf1 Rd2 34. Ke1
Rb2 35. Rd1 Ke7 36. Bd6+ Ke8 37. Kf1 Rxa2 38. Re1+ Kd7 39. c5 b6 40. Re7+ Kd8
41. Rh7 Ra1+ 42. Ke2 Ra2+ 43. Kd3 Bc1 44. Bc7+ Ke8 45. cxb6 axb6 46. Bxb6 Rd2+
47. Kc3 Rd5 48. Rxh5 Ba3 49. Rh8+ Bf8 50. Rg8 Rxf5 51. Rxg4 c5 52. f3 Kd7 53.
Kc4 Kc6 54. Ba5 Bd6 55. Bc3 Kd7 56. Re4 Bg3 57. Be1 Bxe1 58. Rxe1 Kd6 59. Rh1
Rf4+ 60. Kd3 Ke6 61. h5 Kf7 62. h6 Kg8 63. Rh5 f5 64. Kd2 Rd4+ 65. Ke2 f4 66.
Rxc5 Rb4 67. Rc4 Rxb3 68. Rxf4 Rb2+ 69. Kf1 Kh7 70. Rf6 1-0